| 000 | 00529nam a2200181Ia 4500 | ||
|---|---|---|---|
| 003 | LDD | ||
| 008 | 181101s9999 xx 000 0 und d | ||
| 020 |
_a8171601677 _c300.00 |
||
| 040 | _cLDD | ||
| 100 | _aZakir, Kashmiri Lal | ||
| 245 | 0 |
_aNa ab hum saath sair-e-gul karenge _cKashmiri Lal Zakir |
|
| 260 |
_aNew Delhi _bAnjuman Taraqqi Urdu(Hind) _c2014 |
||
| 300 | _a258p. | ||
| 901 |
_a15921 _b17-03-2017 |
||
| 902 |
_a2841 _b17-03-2017 _cF _dPIBD _e8U |
||
| 903 |
_a20 _bReqst by : Mohd. Akbar |
||
| 942 |
_2ddc _cUR |
||
| 999 |
_c301 _d301 |
||